000 01873nam0a22002891 4500
001 rc\3256811
005 20260406160924.0
021 _aRU
_b[70-23681]
035 _a(NLR Aleph) 007384811
090 _a6547340
_c6547340
100 _a20130115d1969 |||y0rusy50 ca
101 0 _arus
102 _aRU
105 _aa z |||||
200 1 _aТезисы XVIII научно-теоретической конференции профессорско-преподавательского состава института, посвященной 150-летию со дня рождения К. Маркса, 100-летию со дня рождения В.И. Ленина и 50-летию ВЛКСМ
_fМ-во высш. и сред. спец. образования УзССР. Ферган. гос. пед. ин-т им. Улугбека
210 _aФергана
_cБ. и.
_d1969
215 _a295 с.
_cил.
_d21
532 1 1 _aТезисы Восемнадцатой научно-теоретической конференции профессорско-преподавательского состава института, посвященной 150-летию со дня рождения К. Маркса, 100-летию со дня рождения В.И. Ленина и 50-летию ВЛКСМ
702 1 _aМаркс
_bК.
_f1818-1883
_gКарл
_4280
702 1 _aЛенин
_bВ.И.
_f1870-1924
_gВладимир Ильич
_4280
710 0 2 _aФерганский педагогический институт им. Улугбека
_bНаучно-теоретическая конференция профессорско-преподавательского состава
_d18
_f1969
_9359879
_3RU\NLR\AUTH\889932279
801 0 _aRU
_bNLR
_gpsbo
801 1 _aRU
_bELAR
_2rusmarc
852 _aNLR
_j70-3/1100
942 _cBOOK
980 _aNB